Les pilotes ayant marqués le plus de point en F1 entre 1991 et 2002 - Statistiques

Statistiques générales
  • Ce quiz a été pris 57 fois
  • Le résultat moyen est 12 sur 20
Statistiques - réponses
Rang Saisons Pilote Points % Correct
1 12 Michael SCHUMACHER 945
98%
12 6 Ralf SCHUMACHER 177
98%
14 2 Alain PROST 133
92%
8 4 Ayrton SENNA 219
92%
9 7 Jacques VILLENEUVE 213
84%
2 11 Mika HAKKINEN 420
84%
4 8 Damon HILL 360
71%
3 9 David COULTHARD 400
69%
5 10 Rubens BARRICHELLO 272
67%
10 3 Nigel MANSELL 193
65%
18 7 Giancarlo FISICHELLA 82
45%
7 11 Jean ALESI 220
43%
19 2 Juan Pablo MONTOYA 81
41%
20 8 Olivier PANIS 64
39%
11 10 Eddie IRVINE 191
37%
6 7 Gerhard BERGER 224
37%
13 9 Heintz Harald FRENTZEN 161
35%
15 3 Ricardo PATRESE 129
31%
16 10 Johnny HERBERT 93
20%
17 6 Martin BRUNDLE 84
20%
Aucun quiz correspondant
Distribution des résultats
% des personnes avec chaque résultat
Percentile par nombre de réponses
Votre historique - résultats
Vous n’avez pas pris ce quiz